| 000 | 00477nam a2200181 a 4500 | ||
|---|---|---|---|
| 001 | 19669 | ||
| 005 | 20180713213134.0 | ||
| 008 | 140415s1994 ag 000 0 spa d | ||
| 020 | _a9500284375 | ||
| 041 | _aspa | ||
| 082 |
_a801.951 _bCOM |
||
| 245 | 0 | 0 |
_aCOMO SE ESCRIBE UN POEMA : _b(ESPAÑOL Y PORTUGUES) |
| 250 | _a1a ed. | ||
| 260 |
_aARGENTINA : _bEL ATENEO, _c1994 |
||
| 300 | _a252 | ||
| 490 | _aSERIE EL TALLER DEL ESCRITOR | ||
| 650 | 1 | 4 | _aPOETICA |
| 999 |
_c19669 _d19669 |
||